[Event "Malakhatko Memorial op"]
[Site "Chess.com INT"]
[Date "2023.06.14"]
[Round "5"]
[White "Sidorika, Vladislav"]
[Black "Grechko, Valentin"]
[Result "1-0"]
[WhiteElo "2321"]
[BlackElo "2122"]
[PlyCount "75"]
[EventDate "2023.06.14"]
[EventType "swiss (blitz)"]
[EventRounds "11"]
[EventCountry "USA"]
[SourceTitle "CBM 214 Extra"]
[Source "ChessBase"]
[SourceDate "2023.07.31"]
[SourceVersion "1"]
[SourceVersionDate "2023.07.31"]
[SourceQuality "1"]

1. c4 e6 2. g3 d5 3. Bg2 Nf6 4. Nf3 c6 5. 0-0 Be7 6. b3 0-0 7. Bb2 b6 8. d3 Bb7 9. Nbd2 c5 10. e3 Nc6 11. Qe2 Re8 12. h3 Bf8 13. Rad1 e5 14. cxd5 Nxd5 15. a3 g6 16. Rfe1 Bg7 17. Nc4 h6 18. Rd2 Nc7 19. Nfxe5 Nxe5 20. Bxb7 Rb8 21. Bg2 Qe7 22. Nxe5 Bxe5 23. d4 Bg7 24. d5 Bxb2 25. Rxb2 Rbd8 26. e4 Qe5 27. Rd2 g5 28. Qe3 f6 29. f4 Qe7 30. e5 Nb5 31. e6 Nd4 32. Rxd4 cxd4 33. Qxd4 Kg7 34. b4 Qd6 35. Qe4 a5 36. Qf5 axb4 37. Be4 Qe7 38. Qh7+ 1-0

[Event "Malakhatko Memorial op"]
[Site "Chess.com INT"]
[Date "2023.06.14"]
[Round "4"]
[White "Sidorika, Vladislav"]
[Black "Mikhalsky, Vladimir"]
[Result "1-0"]
[WhiteElo "2321"]
[BlackElo "2219"]
[PlyCount "117"]
[EventDate "2023.06.14"]
[EventType "swiss (blitz)"]
[EventRounds "11"]
[EventCountry "USA"]
[SourceTitle "CBM 214 Extra"]
[Source "ChessBase"]
[SourceDate "2023.07.31"]
[SourceVersion "1"]
[SourceVersionDate "2023.07.31"]
[SourceQuality "1"]

1. c4 c5 2. g3 Nf6 3. Bg2 d5 4. cxd5 Nxd5 5. Nc3 Nc7 6. Qa4+ Bd7 7. Qb3 Bc6 8. Bxc6+ Nxc6 9. Qxb7 Qd7 10. Nb5 Rc8 11. Nf3 Nb4 12. Nxc7+ Rxc7 13. Qe4 f5 14. Qb1 e5 15. Nxe5 Qd5 16. Nf3 Re7 17. 0-0 Rxe2 18. Nh4 g6 19. Ng2 Bd6 20. d4 cxd4 21. Bf4 0-0 22. a3 Nc2 23. Bxd6 Qxd6 24. Nf4 Rd2 25. Qa2+ Kh8 26. Rad1 Rxd1 27. Rxd1 g5 28. Nd3 f4 29. Qc4 fxg3 30. hxg3 Ne3 31. Qc1 Nxd1 32. Qxd1 Qg6 33. b4 Qe4 34. Nc5 Qd5 35. Qe1 d3 36. Qc3+ Kg8 37. Nxd3 Rf4 38. Qc8+ Rf8 39. Qc3 Rf3 40. Qc8+ Rf8 41. Qc2 Qe4 42. Qd2 Qf5 43. Qe3 Rd8 44. Nc5 Rf8 45. Ne4 Kg7 46. Qxa7+ Kh8 47. Qe3 h6 48. a4 Qe5 49. Qc5 Qxc5 50. Nxc5 Rd8 51. Kg2 Rd4 52. Na6 Kg7 53. a5 Rd5 54. Nc5 Kf7 55. a6 Rd2 56. b5 Ra2 57. b6 Ke7 58. b7 Rb2 59. a7 1-0

[Event "Malakhatko Memorial op"]
[Site "Chess.com INT"]
[Date "2023.06.14"]
[Round "9"]
[White "Sidorika, Vladislav"]
[Black "Tulchynskyi, Feliks"]
[Result "1-0"]
[WhiteElo "2321"]
[BlackElo "2246"]
[PlyCount "65"]
[EventDate "2023.06.14"]
[EventType "swiss (blitz)"]
[EventRounds "11"]
[EventCountry "USA"]
[SourceTitle "CBM 214 Extra"]
[Source "ChessBase"]
[SourceDate "2023.07.31"]
[SourceVersion "1"]
[SourceVersionDate "2023.07.31"]
[SourceQuality "1"]

1. c4 e6 2. g3 d5 3. Bg2 Nf6 4. Nf3 c6 5. 0-0 Nbd7 6. b3 Bd6 7. Bb2 0-0 8. d3 Re8 9. Nbd2 b6 10. e4 dxe4 11. dxe4 e5 12. Re1 Bb7 13. Nf1 Qc7 14. a3 a5 15. Qc2 Rad8 16. Ne3 g6 17. Rad1 Nc5 18. Rxd6 Qxd6 19. Rd1 Qe7 20. Rxd8 Rxd8 21. Nxe5 Ne6 22. Nf3 c5 23. Nd5 Nxd5 24. cxd5 Nd4 25. Nxd4 cxd4 26. Bxd4 Qxa3 27. Qc7 Rc8 28. Qe5 Rc1+ 29. Bf1 Rxf1+ 30. Kxf1 Kf8 31. d6 Qc1+ 32. Kg2 Bxe4+ 33. Qxe4 1-0

[Event "Titled Tuesday intern op 13th Jun Late"]
[Site "Chess.com INT"]
[Date "2023.06.13"]
[Round "10"]
[White "Klukin, Kirill"]
[Black "Sidorika, Vladislav"]
[Result "1-0"]
[WhiteElo "2390"]
[BlackElo "2321"]
[PlyCount "231"]
[EventDate "2023.06.13"]
[EventType "swiss (blitz)"]
[EventRounds "11"]
[EventCountry "USA"]
[SourceTitle "EXT 2024"]
[Source "ChessBase"]
[SourceDate "2023.10.10"]
[SourceVersion "1"]
[SourceVersionDate "2023.10.10"]
[SourceQuality "1"]

1. f4 Nh6 2. Nf3 g6 3. g3 Bg7 4. Bg2 0-0 5. 0-0 d5 6. d3 c5 7. e4 Nc6 8. Nc3 dxe4 9. dxe4 b6 10. h3 Bb7 11. Be3 Nd4 12. e5 Nxf3+ 13. Bxf3 Bxf3 14. Qxf3 Nf5 15. Rad1 Qc8 16. Bf2 Nd4 17. Bxd4 cxd4 18. Rxd4 Qxh3 19. Rfd1 Rac8 20. Rd7 b5 21. R1d2 Qe6 22. Nd5 Qxd7 23. Nf6+ exf6 24. Rxd7 fxe5 25. c3 exf4 26. gxf4 b4 27. cxb4 Rc1+ 28. Kg2 Rc2+ 29. Kf1 Rxb2 30. Rxa7 Rc8 31. Ra8 Rxa8 32. Qxa8+ Bf8 33. a3 h5 34. f5 h4 35. fxg6 fxg6 36. Qe8 Rb1+ 37. Kg2 Kg7 38. Qe5+ Kh7 39. Qd4 h3+ 40. Kxh3 Rb3+ 41. Kg2 Rxa3 42. b5 Rb3 43. b6 Bg7 44. Qh4+ Kg8 45. Qd8+ Kh7 46. Qc7 Kh6 47. b7 Be5 48. Qxe5 Rxb7 49. Qh8+ Kg5 50. Qd8+ Kh6 51. Qd2+ Kh7 52. Kg3 Rf7 53. Kg4 Rf5 54. Qd7+ Kh6 55. Qd8 Kg7 56. Qe8 Rh5 57. Qe7+ Kh6 58. Qf6 Kh7 59. Qf7+ Kh6 60. Qg8 Rg5+ 61. Kf4 Rf5+ 62. Ke4 Kg5 63. Qh8 Rf4+ 64. Ke5 Rf5+ 65. Ke6 Rf4 66. Qe5+ Rf5 67. Qg3+ Kh6 68. Qh4+ Kg7 69. Qd4+ Kh6 70. Qc3 Kg5 71. Qh3 Rf6+ 72. Ke7 Rf5 73. Qh8 Kg4 74. Qh6 g5 75. Qe6 Kf4 76. Qc4+ Kg3 77. Ke6 Rf4 78. Qd3+ Kg4 79. Ke5 Kh4 80. Qe2 Kg3 81. Qd1 Kh4 82. Qe2 Kg3 83. Qh5 g4 84. Qh1 Rf3 85. Ke4 Rf4+ 86. Ke3 Rf3+ 87. Ke2 Rf2+ 88. Ke1 Rf3 89. Qg1+ Kf4 90. Ke2 Kf5 91. Qb1+ Kf4 92. Qb8+ Kf5 93. Qg8 Kf4 94. Qg6 Kg3 95. Qd6+ Kg2 96. Qd5 Kg3 97. Qe5+ Kg2 98. Qe4 Kg3 99. Ke1 Kh3 100. Qe5 Kg2 101. Ke2 Kh3 102. Qg5 Kg3 103. Qh5 Rf2+ 104. Ke1 Rf3 105. Qe5+ Kg2 106. Ke2 Kh3 107. Qe6 Kg3 108. Qd6+ Kg2 109. Qd5 Kg3 110. Qh5 Rf2+ 111. Ke3 Rf3+ 112. Ke4 Rf4+ 113. Ke5 Rf3 114. Qh1 Kf2 115. Qh2+ Ke3 116. Qg1+ 1-0